• 首页
  • 本馆介绍
  • 公告通知
  • 最新文献
  • 馆藏检索
  • 电子资源
  • 读者导购
  • 参考咨询
  • 我的图书馆
  • 登录
  • 详细信息显示
  • 放入我的书架
  • 预约/预借图书
  • 作者相关作品
  • 分类相关作品
  • 丛书相关作品
  • 出版社相关作品

书目信息

  • 表格格式
  • 工作单格式
  • 卡片格式
题名:
涂料调色
    
 
作者: 周强 编著
分册:  
出版信息: 北京   化学工业出版社  2018
页数: 192页
开本: 24cm
丛书名:
单 册:
中图分类: TQ630.6
科图分类:
主题词: 调色--涂料--tu liao
电子资源:
ISBN: 978-7-122-30464-3
000 01017nam0 2200265 45
001 012001001478
005 20191121103800.00
010    @a978-7-122-30464-3@dCNY39.00
099    @aCAL 012018029820
100    @a20180328d2018 em y0chiy50 ea
101 0  @achi
102    @aCN@b110000
105    @aafk a 000yy
106    @ar
200 1  @a涂料调色@Atu liao tiao se@f周强编著
205    @a第2版
210    @a北京@c化学工业出版社@d2018
215    @a192页@c图 (部分彩图)@d24cm
320    @a有书目
330    @a本书以认识颜色、用数据表示颜色、测定颜色、实际调色操作为主线,从颜色的物理学基础讲起,逐渐深入到颜色表示方法,对颜色属性、加色混合与减色混合、用数据颜色的方法(CIE 1931-XYZ色度系统)做了系统阐述,还介绍了均匀色空间及孟塞尔表色系统;在此基础上,对颜色的测量原理及测色仪器也作了介绍;最后介绍计算机调色和人工调色方法以及相关技巧。
606 0  @x调色@a涂料@Atu liao
690    @aTQ630.6@v5
701  0 @a周强@Azhou qiang@4编著
801  0 @aCN@b北京卓展@c20191020
905    @b1201981-2@dTQ630.6@e77=2@f2
    
    涂料调色/周强编著.-第2版.-北京:化学工业出版社,2018
    192页:图 (部分彩图);24cm
    
    
    ISBN 978-7-122-30464-3:CNY39.00
    本书以认识颜色、用数据表示颜色、测定颜色、实际调色操作为主线,从颜色的物理学基础讲起,逐渐深入到颜色表示方法,对颜色属性、加色混合与减色混合、用数据颜色的方法(CIE 1931-XYZ色度系统)做了系统阐述,还介绍了均匀色空间及孟塞尔表色系统;在此基础上,对颜色的测量原理及测色仪器也作了介绍;最后介绍计算机调色和人工调色方法以及相关技巧。
●
相关链接 在E读中查询图书 在五车中查询图书 在当当中查询图书 在豆瓣中查询图书


正题名:涂料调色     索取号:TQ630.6/77=2         预约/预借

序号 登录号 条形码 馆藏地/架位号 状态 备注
1 1201981   212019812   第二样本阅览室/ [索取号:TQ630.6/77=2] 在馆    
2 1201982   212019821   第三借阅区/ [索取号:TQ630.6/77=2] 在馆    
唐山师范学院图书馆 欢迎您!
大连网信软件有限公司© 版权所有